| 000 | 00000nam##2200000za#4500 |
| 001 | 9.581048 |
| 003 | CaOODSP |
| 005 | 20210624191331 |
| 007 | cr ||||||||||| |
| 008 | 150406|2009||||xxc|||||o f|0| 0 eng|d |
| 022 | |a1701-1280 |
| 040 | |aCaOODSP|beng |
| 043 | |an-cn--- |
| 086 | 1 |aFs70-4/2009-033E-PDF |
| 110 | 1 |aCanada. |bDepartment of Fisheries and Oceans. |
| 245 | 10|aProceedings of the Pacific Scientific Advice Review Committee (PSARC) meeting for the assessment of scientific information for a recovery potential assessment for bocaccio rockfish and basking shark and for the identification of potential critical habitat for stickleback pairs in British Columbia : |h[electronic resource]|bOctober 22-24, 2008, Pacific Biological Station, Nanaimo, BC / |cAl Cass. |
| 260 | |aNanaimo - British Columbia : |bFisheries and Oceans Canada |cOctober 2009. |
| 300 | |a35p.|breferences |
| 490 | 1 |aCanadian Science Advisory Secretariat proceedings series|x1701-1280|v2009/033 |
| 590 | |a14-20-Supp|b2014-11-25 |
| 830 | #0|aProceedings series (Canadian Science Advisory Secretariat)|x1701-1280|v2009/033|w(CaOODSP)9.506483 |
| 856 | 40|ahttp://publications.gc.ca|qPDF|s146 KB|uhttps://publications.gc.ca/collections/collection_2014/mpo-dfo/Fs70-4-2009-033-eng.pdf|y2009/033 |